Statistics for Sims 4 General Knowledge Quiz

Click here to take the quiz!

General Stats

  • This quiz has been taken 438 times
  • The average score is 6 of 8

Answer Stats

HintAnswer% Correct
What emotion is the colour red?Angry
93%
What is Alexander Goths mums name?Bella
89%
What is the maximum amount of sims you can get in a household?Eight
77%
What was the first expansion pack made?Get to work
77%
What is the green thing that float above the sims heads?Plumbob
77%
Movement, Imagination, Thinking, Potty. What other skill can toddlers gain?Communication
50%
What is the vampire town called?Forgotten Hollow
49%
What pack gave us hot tubs?Perfect Patio
40%

Score Distribution

Percentile by Number Answered

Percent of People with Each Score

Your Score History

You have not taken this quiz